[Event "AUT-ch U18"]
[Site "St Veit"]
[Date "2015.03.30"]
[Round "3.8"]
[White "Walder, Elias"]
[Black "Blohberger, Felix"]
[Result "1/2-1/2"]
[WhiteElo "1389"]
[BlackElo "1840"]
[PlyCount "111"]
[EventDate "2015.03.29"]
[EventType "swiss"]
[EventRounds "7"]
[EventCountry "AUT"]
[SourceTitle "EXT 2024"]
[Source "ChessBase"]
[SourceDate "2023.10.10"]
[SourceVersion "1"]
[SourceVersionDate "2023.10.10"]
[SourceQuality "1"]

1. c4 e6 2. Nc3 Nf6 3. g3 d5 4. cxd5 exd5 5. d4 Bd6 6. Bg2 c6 7. Nf3 0-0 8. 0-0 h6 9. a3 Bf5 10. Nd2 Re8 11. Re1 Nbd7 12. e4 dxe4 13. Ndxe4 Nxe4 14. Nxe4 Bxe4 15. Bxe4 Nf6 16. Bg2 Qa5 17. Bd2 Rxe1+ 18. Bxe1 Qf5 19. Qb3 Qd7 20. Rd1 Qc7 21. Bb4 Rd8 22. Bxd6 Rxd6 23. h4 Qd7 24. Qa4 a6 25. Qc4 Nd5 26. Bxd5 Rxd5 27. b4 Qg4 28. Qd3 f5 29. f4 g5 30. hxg5 hxg5 31. Rf1 Kg7 32. Kg2 Kf6 33. Qe3 gxf4 34. Rxf4 Qg7 35. Rh4 Kf7 36. Qh6 Qxh6 37. Rxh6 Kg7 38. Re6 Kf7 39. Rh6 Rxd4 40. Rh7+ Ke6 41. Rxb7 Rd2+ 42. Kh3 Rd3 43. Rb6 Kd5 44. Rxa6 f4 45. Kg2 Rxg3+ 46. Kf2 Rc3 47. Ra8 Kc4 48. Rf8 f3 49. Rf4+ Kb3 50. b5 Kxa3 51. bxc6 Rxc6 52. Rxf3+ Kb4 53. Rf4+ Kc3 54. Rf3+ Kd2 55. Rf8 Rd6 56. Kg3 1/2-1/2